000 00830nam a2200241 i 4500
001 bg
100 1 _aRANATOWSKI, Eugeniusz
245 1 0 _aPodstawy fizyczne spajania /
_cEugeniusz Ranatowski.
260 _aBydgoszcz :
_bWydaw. Uczelniane AT-R,
_c1996.
300 _a222 s. :
_brys., wykr. ;
_c24 cm.
490 1 _aSkrypty / Akademia Techniczno-Rolnicza im. Jana i Jędrzeja Śniadeckich w Bydgoszczy
504 _aBibliogr. s. 220-222.
650 9 _aLutowanie
_xfizyka
650 9 _aSpawanie
_xfizyka
650 9 _aZgrzewanie
_xfizyka
655 _aPodręczniki akademickie
830 0 _aSkrypty (Akademia Techniczno-Rolnicza im. Jana i Jędrzeja Śniadeckich w Bydgoszczy)
040 _cBPK
041 0 _apl
080 _a621.791/.795:539.3/.6+536](075.8)
942 _cKS
008 s pl f |000 0 pol
999 _c31503
_d31503
856 _uhttp://koha.tu.koszalin.pl/cgi-bin/koha/opac-detail.pl?biblionumber=31503
_yKatalog online BPK